[Event "Lisbon Portugal rapid op"]
[Site "Lisbon"]
[Date "2022.09.04"]
[Round "10"]
[White "Damaso, Rui"]
[Black "Rego, Pedro Filipe"]
[Result "1-0"]
[WhiteElo "2430"]
[BlackElo "2273"]
[PlyCount "65"]
[EventDate "2022.09.03"]
[EventType "swiss (rapid)"]
[EventRounds "11"]
[EventCountry "POR"]
[SourceTitle "CBM 210 Extra"]
[Source "ChessBase"]
[SourceDate "2022.11.30"]
[SourceVersion "1"]
[SourceVersionDate "2022.11.30"]
[SourceQuality "1"]

1. Nf3 Nf6 2. c4 e6 3. d4 d5 4. Nc3 c5 5. cxd5 cxd4 6. Qxd4 exd5 7. Bg5 Be7 8. e3 0-0 9. Rd1 Be6 10. Be2 Nc6 11. Qd3 Qb6 12. Qb5 h6 13. Bh4 Rfd8 14. 0-0 Rac8 15. Qxb6 axb6 16. Na4 Ra8 17. Nc3 g5 18. Bg3 Ne4 19. Bc7 Nxc3 20. bxc3 Rdc8 21. Bxb6 Rxa2 22. Bb5 Bf6 23. Nd4 Ne5 24. Nxe6 fxe6 25. Bd4 Bg7 26. Bxe5 Bxe5 27. Bd7 Rxc3 28. Bxe6+ Kg7 29. Rxd5 Kf6 30. Rxe5 Ra4 31. f4 gxf4 32. exf4 Rxf4 33. Bd7 1-0

[Event "Lisbon Portugal rapid op"]
[Site "Lisbon"]
[Date "2022.09.04"]
[Round "9"]
[White "Loeffler, Stefan"]
[Black "Damaso, Rui"]
[Result "0-1"]
[WhiteElo "2356"]
[BlackElo "2430"]
[PlyCount "59"]
[EventDate "2022.09.03"]
[EventType "swiss (rapid)"]
[EventRounds "11"]
[EventCountry "POR"]
[SourceTitle "CBM 210 Extra"]
[Source "ChessBase"]
[SourceDate "2022.11.30"]
[SourceVersion "1"]
[SourceVersionDate "2022.11.30"]
[SourceQuality "1"]

1. e4 c5 2. Nf3 d6 3. d4 cxd4 4. Nxd4 Nf6 5. f3 e5 6. Nb3 Be7 7. c4 a5 8. Be3 a4 9. N3d2 0-0 10. Nc3 a3 11. b4 Be6 12. Nd5 Bxd5 13. cxd5 Nh5 14. Bb5 Bg5 15. Bf2 Na6 16. Nc4 Nc7 17. Bb6 Qe7 18. Ba4 f5 19. exf5 Nf4 20. Ne3 Rxa4 21. Qxa4 Na8 22. Qb5 Nxb6 23. Qxb6 Nd3+ 24. Ke2 e4 25. Rad1 Nf4+ 26. Kf2 exf3 27. Kxf3 Nxg2 28. Rhe1 Bxe3 29. Rxe3 Nxe3 30. Kf2 0-1

[Event "Lisbon Portugal rapid op"]
[Site "Lisbon"]
[Date "2022.09.03"]
[Round "5"]
[White "Faryma, Matviy"]
[Black "Damaso, Rui"]
[Result "0-1"]
[WhiteElo "1659"]
[BlackElo "2430"]
[PlyCount "72"]
[EventDate "2022.09.03"]
[EventType "swiss (rapid)"]
[EventRounds "11"]
[EventCountry "POR"]
[SourceTitle "CBM 210 Extra"]
[Source "ChessBase"]
[SourceDate "2022.11.30"]
[SourceVersion "1"]
[SourceVersionDate "2022.11.30"]
[SourceQuality "1"]

1. e4 c5 2. Nc3 Nc6 3. g3 g6 4. Bg2 Bg7 5. d3 d6 6. h3 Rb8 7. a4 a6 8. f4 b5 9. axb5 axb5 10. Nf3 Nf6 11. 0-0 0-0 12. g4 b4 13. Ne2 Bb7 14. f5 c4 15. Be3 b3 16. Ng3 bxc2 17. Qxc2 cxd3 18. Qd2 d5 19. exd5 Nxd5 20. Bh6 Qb6+ 21. Kh2 Qxb2 22. Bxg7 Qxg7 23. fxg6 hxg6 24. g5 Ne5 25. Nxe5 Qxe5 26. Rae1 Qc3 27. Rf2 Qc7 28. Rc1 Qe5 29. Re1 Qc7 30. Rc1 Qb6 31. Rcf1 Ne3 32. Bxb7 Nxf1+ 33. Rxf1 Rxb7 34. Rf2 Rd7 35. Rg2 Qc7 36. h4 Rd4 0-1

[Event "Lisbon Portugal op"]
[Site "Lisbon"]
[Date "2020.02.01"]
[Round "9"]
[White "Fidalgo, Andre Neves"]
[Black "Damaso, Rui"]
[Result "0-1"]
[WhiteElo "2282"]
[BlackElo "2420"]
[PlyCount "64"]
[EventDate "2020.01.25"]
[EventType "swiss"]
[EventRounds "9"]
[EventCountry "POR"]
[SourceTitle "CBM 194"]
[Source "ChessBase"]
[SourceDate "2020.01.27"]
[SourceVersion "1"]
[SourceVersionDate "2020.01.27"]
[SourceQuality "1"]

1. d4 e6 2. c4 b6 3. Nc3 Bb4 4. e4 Bb7 5. f3 f5 6. e5 d6 7. Bf4 dxe5 8. Bxe5 Qe7 9. a3 Bxc3+ 10. bxc3 Nc6 11. Bg3 e5 12. d5 Na5 13. Qa4+ c6 14. Bd3 f4 15. Bf2 Nf6 16. Be4 0-0 17. dxc6 Ba6 18. Bd5+ Nxd5 19. cxd5 Bc4 20. Rd1 Rad8 21. Qb4 Qf7 22. c7 Qxc7 23. d6 Qf7 24. Bh4 Rd7 25. Be7 Nc6 26. Qa4 b5 27. Qa6 Nxe7 28. dxe7 Rxd1+ 29. Kxd1 Qxe7 30. Nh3 Qd7+ 31. Kc1 Qd3 32. Qa5 Bb3 0-1

[Event "Lisbon Portugal op"]
[Site "Lisbon"]
[Date "2020.01.31"]
[Round "8"]
[White "Damaso, Rui"]
[Black "Alekseev, Evgeny V"]
[Result "0-1"]
[WhiteElo "2420"]
[BlackElo "2623"]
[PlyCount "106"]
[EventDate "2020.01.25"]
[EventType "swiss"]
[EventRounds "9"]
[EventCountry "POR"]
[SourceTitle "CBM 194"]
[Source "ChessBase"]
[SourceDate "2020.01.27"]
[SourceVersion "1"]
[SourceVersionDate "2020.01.27"]
[SourceQuality "1"]

1. e4 e5 2. Nf3 Nc6 3. Nc3 Nf6 4. a3 d6 5. d4 Bg4 6. d5 Nb8 7. h3 Bc8 8. Be3 Be7 9. g4 h6 10. Bc4 Nbd7 11. Qe2 Nf8 12. 0-0-0 Ng6 13. Kb1 a6 14. Nd2 Bd7 15. Nf1 b5 16. Bd3 Qb8 17. Ng3 Nh4 18. Nf5 Nxf5 19. gxf5 c5 20. dxc6 Bxc6 21. Rhg1 Kf8 22. f3 Qb7 23. Rg3 Rb8 24. Bc1 a5 25. Rdg1 Nh5 26. Rg4 Bf6 27. Nd5 Bxd5 28. exd5 Qxd5 29. c4 bxc4 30. Bxc4 Qc5 31. Rd1 Nf4 32. Qc2 h5 33. Rgg1 Ke7 34. Bxf4 exf4 35. Rge1+ Be5 36. Rd5 Qc7 37. b3 Rhc8 38. Re4 Qb6 39. Ka2 Rc5 40. Qd3 Qc7 41. a4 Rxd5 42. Qxd5 Kf6 43. Qd2 Kxf5 44. Bd3 Kf6 45. Rc4 Qb6 46. Qc2 Qg1 47. Qc1 Qf2+ 48. Bc2 Qxf3 49. Rc7 Qe3 50. Qd1 Qd4 51. Qxd4 Bxd4 52. Be4 g5 53. Bf3 Ke5 0-1

[Event "Lisbon Portugal op"]
[Site "Lisbon"]
[Date "2020.01.26"]
[Round "2"]
[White "Fernandes, Alberto Manuel"]
[Black "Damaso, Rui"]
[Result "0-1"]
[WhiteElo "2092"]
[BlackElo "2420"]
[PlyCount "32"]
[EventDate "2020.01.25"]
[EventType "swiss"]
[EventRounds "9"]
[EventCountry "POR"]
[SourceTitle "CBM 194"]
[Source "ChessBase"]
[SourceDate "2020.01.27"]
[SourceVersion "1"]
[SourceVersionDate "2020.01.27"]
[SourceQuality "1"]

1. c4 e5 2. Nc3 Nf6 3. e4 Bc5 4. g3 c6 5. Bg2 b5 6. d3 d6 7. Nge2 Qb6 8. 0-0 Nbd7 9. h3 a5 10. b3 Bb7 11. Bb2 0-0 12. g4 a4 13. cxb5 a3 14. bxc6 axb2 15. cxb7 bxa1Q 16. bxa8Q Qxd1 0-1

[Event "POR-ch"]
[Site "Portimao"]
[Date "2019.09.12"]
[Round "6"]
[White "Damaso, Rui"]
[Black "Fidalgo, Andre Neves"]
[Result "1-0"]
[WhiteElo "2416"]
[BlackElo "2261"]
[PlyCount "59"]
[EventDate "2019.09.08"]
[EventType "tourn"]
[EventRounds "9"]
[EventCountry "POR"]
[EventCategory "4"]
[SourceTitle "EXT 2020"]
[Source "ChessBase"]
[SourceDate "2019.10.17"]
[SourceVersion "1"]
[SourceVersionDate "2019.10.17"]
[SourceQuality "1"]

1. c4 Nf6 2. Nc3 d5 3. cxd5 Nxd5 4. g3 g6 5. Bg2 Nb6 6. d3 Bg7 7. Be3 0-0 8. Qd2 Nc6 9. Bxc6 bxc6 10. Bh6 Nd5 11. Bxg7 Kxg7 12. Rc1 Rb8 13. Nf3 f6 14. Ne4 Bh3 15. Rg1 Bg4 16. Nd4 Nb4 17. Rc4 e5 18. Nxc6 Nxc6 19. Rxc6 Rf7 20. Qc3 Rb6 21. Rc5 Qb8 22. b3 Qb7 23. f3 Bf5 24. Nd2 Ra6 25. g4 Be6 26. g5 Rxa2 27. gxf6+ Kg8 28. Rg5 Qa6 29. Rc6 Qc8 30. Rxe5 1-0

[Event "POR-ch"]
[Site "Portimao"]
[Date "2019.09.10"]
[Round "3"]
[White "Veiga, Jose Francisco RP"]
[Black "Damaso, Rui"]
[Result "1-0"]
[WhiteElo "2345"]
[BlackElo "2416"]
[PlyCount "85"]
[EventDate "2019.09.08"]
[EventType "tourn"]
[EventRounds "9"]
[EventCountry "POR"]
[EventCategory "4"]
[SourceTitle "EXT 2020"]
[Source "ChessBase"]
[SourceDate "2019.10.17"]
[SourceVersion "1"]
[SourceVersionDate "2019.10.17"]
[SourceQuality "1"]

1. e4 c5 2. Nf3 Nc6 3. d4 cxd4 4. Nxd4 Qb6 5. Nb3 Nf6 6. Nc3 e6 7. Be3 Qc7 8. Bd3 a6 9. f4 d6 10. Qf3 b5 11. 0-0-0 Rb8 12. g4 Nb4 13. Kb1 Nd7 14. Rhf1 Nc5 15. Nxc5 dxc5 16. f5 Bd6 17. f6 g6 18. Bh6 Nc6 19. Bg7 Ne5 20. Qh3 Rf8 21. Bxb5+ Rxb5 22. Rxd6 Rxb2+ 23. Kxb2 Qxd6 24. Bxf8 Qxf8 25. Rd1 c4 26. a3 Qc5 27. Qxh7 Nd7 28. Rxd7 Bxd7 29. Qg8+ Qf8 30. Qxf8+ Kxf8 31. e5 Bc6 32. Nd1 g5 33. Kc3 Bf3 34. Ne3 Be2 35. Kd4 Ke8 36. h3 Kd7 37. Kc5 c3 38. Kb6 Bb5 39. Nd1 Bd3 40. Nxc3 Bxc2 41. Ne2 Be4 42. Nd4 Bg2 43. Kxa6 1-0

[Event "Iberoamerican-ch 7th"]
[Site "Linares"]
[Date "2019.08.18"]
[Round "9"]
[White "Damaso, Rui"]
[Black "Fier, Alexandr"]
[Result "0-1"]
[WhiteElo "2417"]
[BlackElo "2558"]
[PlyCount "184"]
[EventDate "2019.08.10"]
[EventType "swiss"]
[EventRounds "9"]
[EventCountry "ESP"]
[SourceTitle "CBM 191 Extra"]
[Source "ChessBase"]
[SourceDate "2019.09.30"]
[SourceVersion "1"]
[SourceVersionDate "2019.09.30"]
[SourceQuality "1"]

1. e4 Nf6 2. e5 Nd5 3. d4 d6 4. Nf3 g6 5. Bc4 Nb6 6. Bb3 Bg7 7. Ng5 e6 8. Qf3 Qe7 9. Ne4 dxe5 10. Bg5 Qb4+ 11. Bd2 Qe7 12. Bg5 Qb4+ 13. Bd2 Qxd4 14. Nf6+ Bxf6 15. Qxf6 Rg8 16. Nc3 N6d7 17. Qf3 Nc6 18. 0-0-0 Qh4 19. Nb5 Qd8 20. Qh3 a6 21. Qxh7 Rf8 22. Nc3 Qf6 23. Qh3 Nc5 24. Rhe1 Bd7 25. Qg3 Qf5 26. f3 0-0-0 27. Ne4 Nxe4 28. Rxe4 f6 29. c3 Rh8 30. Rg4 Rdg8 31. Be3 Qh5 32. Bg1 g5 33. Qf2 Qe8 34. Rc4 b6 35. Bc2 f5 36. b4 Rh4 37. Bd3 Rxc4 38. Bxc4 Nb8 39. Qe3 Bb5 40. Bb3 Ba4 41. Qxe5 Bxb3 42. axb3 Qc6 43. Re1 Nd7 44. Qe3 g4 45. fxg4 Rxg4 46. Qf3 Qxf3 47. gxf3 Rg6 48. Be3 Ne5 49. Rf1 Rg2 50. h4 Rh2 51. Bg5 c5 52. bxc5 bxc5 53. Kb1 Ng6 54. Re1 Kd7 55. Rd1+ Kc6 56. Re1 e5 57. c4 Rh3 58. Ka2 Kd6 59. Bf6 f4 60. Bg7 Rxh4 61. Rg1 Rh2+ 62. Ka3 Nh4 63. Bf8+ Kc6 64. Rd1 Nxf3 65. Rd6+ Kb7 66. Re6 Nd4 67. Rxe5 f3 68. Re7+ Kc6 69. Rf7 Re2 70. Rf6+ Re6 71. Rf4 Nc2+ 72. Ka4 Re1 73. Bg7 Re3 74. Rf6+ Kd7 75. Rf5 Ke6 76. Rf6+ Ke7 77. Rf4 Kd7 78. Bf8 Re1 79. Ka5 Nd4 80. Kxa6 Kc6 81. Rf6+ Re6 82. Rf7 Re2 83. Ka7 f2 84. Rf6+ Ne6 85. b4 cxb4 86. Bxb4 Kd7 87. Kb6 Rb2 88. Ka5 Ng5 89. Bc5 Ne4 90. Rf7+ Ke6 91. Re7+ Kf6 92. Rxe4 Ra2+ 0-1

[Event "Iberoamerican-ch 7th"]
[Site "Linares"]
[Date "2019.08.17"]
[Round "8"]
[White "Matamoros Franco, Carlos S"]
[Black "Damaso, Rui"]
[Result "1/2-1/2"]
[WhiteElo "2498"]
[BlackElo "2417"]
[PlyCount "34"]
[EventDate "2019.08.10"]
[EventType "swiss"]
[EventRounds "9"]
[EventCountry "ESP"]
[SourceTitle "CBM 191 Extra"]
[Source "ChessBase"]
[SourceDate "2019.09.30"]
[SourceVersion "1"]
[SourceVersionDate "2019.09.30"]
[SourceQuality "1"]

1. c4 c5 2. Nf3 g6 3. d4 Bg7 4. e4 d6 5. d5 e6 6. Nc3 exd5 7. cxd5 a6 8. Bf4 b5 9. h3 Nf6 10. Bd3 0-0 11. 0-0 Re8 12. Re1 Bb7 13. a3 Qb6 14. Qd2 Nbd7 15. b4 Rac8 16. Rac1 Nh5 17. Be3 Qd8 1/2-1/2

[Event "Iberoamerican-ch 7th"]
[Site "Linares"]
[Date "2019.08.13"]
[Round "4"]
[White "Serarols Mabras, Bernat"]
[Black "Damaso, Rui"]
[Result "1/2-1/2"]
[WhiteElo "2338"]
[BlackElo "2417"]
[PlyCount "59"]
[EventDate "2019.08.10"]
[EventType "swiss"]
[EventRounds "9"]
[EventCountry "ESP"]
[SourceTitle "CBM 191 Extra"]
[Source "ChessBase"]
[SourceDate "2019.09.30"]
[SourceVersion "1"]
[SourceVersionDate "2019.09.30"]
[SourceQuality "1"]

1. d4 Nf6 2. c4 c5 3. d5 b5 4. cxb5 a6 5. e3 e6 6. Nc3 exd5 7. Nxd5 Bb7 8. Nxf6+ Qxf6 9. Nf3 Bd6 10. a4 0-0 11. Rb1 Bc7 12. Bd2 d5 13. Be2 axb5 14. axb5 Nd7 15. 0-0 Rfe8 16. Bc3 Qh6 17. g3 Nf6 18. Bxf6 Qxf6 19. b4 d4 20. bxc5 d3 21. Qxd3 Bxf3 22. Bxf3 Qxf3 23. b6 Be5 24. Qb5 h5 25. Rb4 Re6 26. Rc4 Rg6 27. b7 Bxg3 28. hxg3 Rxg3+ 29. fxg3 Qxg3+ 30. Kh1 1/2-1/2

[Event "Iberoamerican-ch 7th"]
[Site "Linares"]
[Date "2019.08.12"]
[Round "3"]
[White "Damaso, Rui"]
[Black "Vazquez Igarza, Renier"]
[Result "0-1"]
[WhiteElo "2417"]
[BlackElo "2570"]
[PlyCount "58"]
[EventDate "2019.08.10"]
[EventType "swiss"]
[EventRounds "9"]
[EventCountry "ESP"]
[SourceTitle "CBM 191 Extra"]
[Source "ChessBase"]
[SourceDate "2019.09.30"]
[SourceVersion "1"]
[SourceVersionDate "2019.09.30"]
[SourceQuality "1"]

1. b3 e5 2. Bb2 Nc6 3. Nf3 e4 4. Nd4 Nf6 5. e3 Bc5 6. Nf5 g6 7. Ng3 d5 8. d3 0-0 9. dxe4 Nxe4 10. Nxe4 dxe4 11. Be2 Qg5 12. Kf1 Rd8 13. Qe1 Bb4 14. Nc3 Qh4 15. a3 Bf8 16. f4 Qe7 17. g4 Bg7 18. h4 h6 19. Rb1 a6 20. h5 g5 21. fxg5 hxg5 22. h6 Be5 23. Qf2 Kh8 24. Bc4 Bxg4 25. Nd5 Qd6 26. Qf6+ Qxf6+ 27. Nxf6 Bf3 28. Rg1 Bxb2 29. Rxb2 Rd6 0-1

[Event "Lisbon Portugal op"]
[Site "Lisbon"]
[Date "2019.02.08"]
[Round "8"]
[White "Damaso, Rui"]
[Black "Huse, Sigurd Kjelsbol"]
[Result "1-0"]
[WhiteElo "2439"]
[BlackElo "2080"]
[PlyCount "65"]
[EventDate "2019.02.02"]
[EventType "swiss"]
[EventRounds "9"]
[EventCountry "POR"]
[SourceTitle "CBM 188 Extra"]
[Source "ChessBase"]
[SourceDate "2019.02.26"]
[SourceVersion "1"]
[SourceVersionDate "2019.02.26"]
[SourceQuality "1"]

1. Nf3 d5 2. g3 Nf6 3. Bg2 g6 4. c4 c6 5. b3 Bg7 6. Bb2 0-0 7. d3 Nbd7 8. 0-0 Re8 9. Nbd2 e5 10. cxd5 Nxd5 11. Qc2 N7b6 12. a3 Bd7 13. Rad1 Qc8 14. Ne4 Qc7 15. Nc5 Rad8 16. Nxd7 Rxd7 17. Nd2 Qd8 18. Ne4 h6 19. b4 Kh7 20. Nc5 Rde7 21. e4 Nf6 22. d4 exd4 23. Bxd4 Qb8 24. f4 Nfd7 25. e5 Nd5 26. Ne4 Nf8 27. Bc5 Rd7 28. Qf2 b6 29. Bd6 Qc8 30. b5 Ne7 31. bxc6 Nxc6 32. Rc1 Red8 33. Rxc6 1-0

[Event "Lisbon Portugal op"]
[Site "Lisbon"]
[Date "2019.02.06"]
[Round "5"]
[White "Hansen, Eric"]
[Black "Damaso, Rui"]
[Result "1-0"]
[WhiteElo "2615"]
[BlackElo "2439"]
[PlyCount "61"]
[EventDate "2019.02.02"]
[EventType "swiss"]
[EventRounds "9"]
[EventCountry "POR"]
[SourceTitle "CBM 188 Extra"]
[Source "ChessBase"]
[SourceDate "2019.02.26"]
[SourceVersion "1"]
[SourceVersionDate "2019.02.26"]
[SourceQuality "1"]

1. e4 d6 2. d4 Nf6 3. Nc3 e5 4. Nf3 Nbd7 5. Bc4 Be7 6. 0-0 Nb6 7. Bb3 exd4 8. Qxd4 0-0 9. Bf4 a5 10. a4 Bg4 11. Qd3 Nfd7 12. Nd4 Ne5 13. Qd2 Bf6 14. f3 Nec4 15. Qf2 Bd7 16. Bxc4 Nxc4 17. b3 Ne5 18. Rad1 c6 19. Rd2 Re8 20. Rfd1 Qb6 21. Nde2 Qb4 22. Rd4 Ng4 23. fxg4 Bxd4 24. Rxd4 Qa3 25. h3 Qb2 26. Rd2 Rad8 27. Qb6 Bc8 28. Qxa5 d5 29. exd5 cxd5 30. Kh2 b6 31. Qb4 1-0

[Event "Lisbon Portugal op"]
[Site "Lisbon"]
[Date "2019.02.04"]
[Round "4"]
[White "Damaso, Rui"]
[Black "Pacan Milej, Kosma"]
[Result "1-0"]
[WhiteElo "2439"]
[BlackElo "2273"]
[PlyCount "97"]
[EventDate "2019.02.02"]
[EventType "swiss"]
[EventRounds "9"]
[EventCountry "POR"]
[SourceTitle "CBM 188 Extra"]
[Source "ChessBase"]
[SourceDate "2019.02.26"]
[SourceVersion "1"]
[SourceVersionDate "2019.02.26"]
[SourceQuality "1"]

1. e4 c5 2. Nc3 d6 3. Nge2 Nf6 4. d4 cxd4 5. Nxd4 a6 6. Bd3 e5 7. Nf5 Bxf5 8. exf5 d5 9. Bg5 Be7 10. Bxf6 Bxf6 11. Be2 d4 12. Ne4 0-0 13. 0-0 Nd7 14. Bd3 Rc8 15. b4 Be7 16. Rb1 Qb6 17. Qf3 Rc7 18. Rfe1 Nf6 19. Nd2 Rfc8 20. Rxe5 Bxb4 21. Ne4 Nxe4 22. Qxe4 Qd6 23. g3 Qf8 24. a3 Bd6 25. Ra5 Re8 26. Qf3 Qe7 27. a4 h6 28. Rd5 Bc5 29. a5 Qf6 30. Qf4 Rec8 31. Re1 Bb4 32. Re2 Bc3 33. h4 Rc6 34. Ree5 Bb4 35. Qe4 Bf8 36. Rd7 R6c7 37. Red5 Rxd7 38. Rxd7 Rc5 39. Qxb7 Qc6 40. Rxf7 Qxb7 41. Rxb7 Rxa5 42. Bc4+ Kh8 43. Be6 Rb5 44. Ra7 Rb8 45. Rxa6 Be7 46. Ra7 Bf6 47. Kg2 Re8 48. Rf7 Kh7 49. Kh3 1-0

[Event "Lisbon Portugal op"]
[Site "Lisbon"]
[Date "2019.02.02"]
[Round "1"]
[White "Roque, Armando Filipe"]
[Black "Damaso, Rui"]
[Result "0-1"]
[WhiteElo "1946"]
[BlackElo "2439"]
[PlyCount "148"]
[EventDate "2019.02.02"]
[EventType "swiss"]
[EventRounds "9"]
[EventCountry "POR"]
[SourceTitle "CBM 188 Extra"]
[Source "ChessBase"]
[SourceDate "2019.02.26"]
[SourceVersion "1"]
[SourceVersionDate "2019.02.26"]
[SourceQuality "1"]

1. d4 Nf6 2. c4 g6 3. Nc3 Bg7 4. e4 0-0 5. Be2 c5 6. d5 b5 7. cxb5 a6 8. a4 axb5 9. Bxb5 e6 10. Be3 exd5 11. exd5 d6 12. h3 Na6 13. Nf3 Nc7 14. 0-0 Nxb5 15. axb5 Bb7 16. Qd2 Qd7 17. Rad1 Rfe8 18. Qd3 Nh5 19. Rfe1 f5 20. Ng5 Bf6 21. Ne6 Ng7 22. Nxg7 Kxg7 23. Qd2 Kf7 24. Bf4 Bd4 25. Rxe8 Rxe8 26. Re1 Rxe1+ 27. Qxe1 Bf6 28. Qd2 Qd8 29. Qe2 Bc8 30. Qc2 Qe7 31. Qe2 Qd8 32. Qc4 g5 33. Bd2 Qa5 34. Kh2 Qa1 35. Qe2 Qxb2 36. Nd1 Qe5+ 37. Qxe5 Bxe5+ 38. g3 Kf6 39. f4 gxf4 40. gxf4 Bd4 41. Nc3 Ke7 42. Kg2 c4 43. Ne2 Bb6 44. Bb4 Bb7 45. Nc3 Be3 46. Kf3 Bd2 47. Kg3 Be1+ 48. Kf3 Kd7 49. Ke2 Bg3 50. Kf3 Bh4 51. Ba5 Bf6 52. Ke3 Bg7 53. Bb4 Bc8 54. Ba5 Bf6 55. Ne2 Bb7 56. Nc3 Ba8 57. Bb4 Kc7 58. Ba5+ Kb8 59. Bb4 Ka7 60. Ba5 Bb7 61. Kd2 Kb8 62. Bb6 Bc8 63. Be3 Bd7 64. Kc2 Be8 65. Kd2 Bh5 66. Bf2 Bf3 67. h4 Kb7 68. Kc2 Bd8 69. Kd2 Ba5 70. Kc2 Bb6 71. Be1 Bd4 72. Kd2 Kb6 73. Bg3 Kc5 74. Kc2 Bxd5 0-1

[Event "Olympiad-43"]
[Site "Batumi"]
[Date "2018.10.01"]
[Round "7.28"]
[White "Damaso, Rui"]
[Black "Onkoud, Abdelaziz"]
[Result "1-0"]
[WhiteElo "2440"]
[BlackElo "2315"]
[PlyCount "107"]
[EventDate "2018.09.24"]
[EventType "team-swiss"]
[EventRounds "11"]
[EventCountry "GEO"]
[SourceTitle "CBM 187"]
[Source "ChessBase"]
[SourceDate "2018.12.11"]
[SourceVersion "1"]
[SourceVersionDate "2018.12.11"]
[SourceQuality "1"]
[WhiteTeam "Portugal"]
[BlackTeam "Morocco"]
[WhiteTeamCountry "POR"]
[BlackTeamCountry "MAR"]

1. Nf3 b6 2. d4 e6 3. e4 Bb7 4. Bd3 c5 5. 0-0 Nf6 6. e5 Nd5 7. Be4 cxd4 8. Nxd4 Qc7 9. Nd2 a6 10. Re1 Nc6 11. Bxd5 Nxd4 12. Bxb7 Qxb7 13. Ne4 Nf5 14. Qh5 Rc8 15. c3 Rc4 16. Qf3 Qc7 17. Bg5 h6 18. Qxf5 hxg5 19. Qxg5 Rh6 20. Rad1 Rg6 21. Qh5 Rh6 22. Qf3 Qxe5 23. Nd6+ Bxd6 24. Rxe5 Bxe5 25. Qa8+ Ke7 26. Qxa6 d5 27. g3 Bc7 28. Qb5 Rh8 29. b3 Rxc3 30. Qb4+ Rc5 31. Rd3 Rb8 32. Kg2 Bd6 33. Qg4 Be5 34. h4 Rd8 35. a4 d4 36. Qe4 Rdd5 37. g4 Rc3 38. g5 f5 39. Qe2 Rxd3 40. Qxd3 g6 41. b4 Bc7 42. Kf1 Be5 43. Ke1 Bd6 44. Qc4 d3 45. Kd1 Kd7 46. f4 d2 47. h5 gxh5 48. g6 Bf8 49. Qc3 e5 50. Qc4 Kd6 51. Qc8 Bh6 52. Qd8+ Kc6 53. Qf6+ Rd6 54. fxe5 1-0

[Event "Olympiad-43"]
[Site "Batumi"]
[Date "2018.09.27"]
[Round "4.18"]
[White "Salinas Herrera, Pablo Patricio"]
[Black "Damaso, Rui"]
[Result "1-0"]
[WhiteElo "2486"]
[BlackElo "2440"]
[PlyCount "71"]
[EventDate "2018.09.24"]
[EventType "team-swiss"]
[EventRounds "11"]
[EventCountry "GEO"]
[SourceTitle "CBM 187"]
[Source "ChessBase"]
[SourceDate "2018.12.11"]
[SourceVersion "1"]
[SourceVersionDate "2018.12.11"]
[SourceQuality "1"]
[WhiteTeam "Chile"]
[BlackTeam "Portugal"]
[WhiteTeamCountry "CHI"]
[BlackTeamCountry "POR"]

1. d4 Nf6 2. c4 e6 3. Nc3 d5 4. cxd5 exd5 5. Bg5 c6 6. e3 Be7 7. Bd3 Nbd7 8. Nge2 Nh5 9. Bxe7 Qxe7 10. 0-0 g6 11. Qd2 0-0 12. f3 Nb6 13. Rae1 Be6 14. b3 f5 15. a4 Rae8 16. Bb1 Qb4 17. Ba2 Nd7 18. g3 a5 19. Nc1 Qd6 20. N3e2 Bf7 21. Nd3 b6 22. Nef4 Nhf6 23. Rc1 c5 24. dxc5 bxc5 25. Qxa5 d4 26. Nxc5 Rxe3 27. Nfd3 Nd5 28. b4 Nc3 29. Bxf7+ Rxf7 30. Qd8+ Kg7 31. Nf4 Ne2+ 32. Nxe2 Rxe2 33. Rcd1 Qd5 34. Nd3 Qe6 35. Nf4 Qe3+ 36. Kh1 1-0

[Event "Famalicao op 6th"]
[Site "Famalicao"]
[Date "2018.08.03"]
[Round "8"]
[White "Safranska, Anda"]
[Black "Damaso, Rui"]
[Result "0-1"]
[WhiteElo "2211"]
[BlackElo "2440"]
[PlyCount "106"]
[EventDate "2018.07.29"]
[EventType "swiss"]
[EventRounds "9"]
[EventCountry "POR"]
[SourceTitle "CBM 185 Extra"]
[Source "ChessBase"]
[SourceDate "2018.07.29"]
[SourceVersion "1"]
[SourceVersionDate "2018.07.29"]
[SourceQuality "1"]

1. Nf3 d5 2. g3 g6 3. Bg2 Bg7 4. 0-0 e5 5. d3 Ne7 6. e4 0-0 7. exd5 Nxd5 8. Re1 Nc6 9. Nc3 Nde7 10. Rb1 a5 11. a3 Re8 12. Nd2 f5 13. Nf1 Be6 14. f4 Nd5 15. fxe5 Bxe5 16. Nb5 Bf7 17. Kh1 Qd7 18. d4 Bg7 19. c4 Nf6 20. d5 Ne5 21. Bf4 Ne4 22. Bxe4 fxe4 23. Bxe5 Rxe5 24. Ne3 h5 25. Nc3 Rf8 26. Rf1 Qe7 27. Qe2 Be8 28. Rxf8+ Bxf8 29. Rf1 Bd7 30. Kg2 Bg7 31. Rc1 h4 32. g4 Qg5 33. Rf1 Re8 34. Rf2 Bd4 35. Ncd1 Bc5 36. Rf1 Bd6 37. h3 Qe5 38. Kh1 a4 39. Qf2 Rf8 40. Qg2 Rxf1+ 41. Nxf1 b5 42. Qe2 bxc4 43. Qxc4 Qf4 44. Nde3 Qf3+ 45. Kg1 Kh7 46. Qc2 Be5 47. Qc5 Bd6 48. Qc2 Bb5 49. Qf2 Bc5 50. Qxh4+ Kg7 51. Kh2 Bxf1 52. Nf5+ gxf5 53. Qg5+ Kf7 0-1

[Event "Famalicao op 6th"]
[Site "Famalicao"]
[Date "2018.07.31"]
[Round "4"]
[White "Oratovsky, Michael"]
[Black "Damaso, Rui"]
[Result "1/2-1/2"]
[WhiteElo "2474"]
[BlackElo "2440"]
[PlyCount "80"]
[EventDate "2018.07.29"]
[EventType "swiss"]
[EventRounds "9"]
[EventCountry "POR"]
[SourceTitle "CBM 185 Extra"]
[Source "ChessBase"]
[SourceDate "2018.07.29"]
[SourceVersion "1"]
[SourceVersionDate "2018.07.29"]
[SourceQuality "1"]

1. e4 c5 2. Nf3 Nc6 3. Bb5 g6 4. Bxc6 dxc6 5. d3 Bg7 6. h3 Nf6 7. Nc3 b6 8. 0-0 0-0 9. Bf4 Nh5 10. Bh2 Bxc3 11. bxc3 f6 12. a4 Qe8 13. a5 b5 14. Qc1 Be6 15. Qa3 c4 16. Nd4 Qd7 17. Qc5 cxd3 18. cxd3 Rfc8 19. f4 Ng7 20. f5 Bf7 21. Rae1 Kh8 22. e5 gxf5 23. exf6 exf6 24. Re7 Qd5 25. Qxd5 Bxd5 26. Bf4 Rg8 27. Bh6 Ne6 28. Rf2 Nxd4 29. cxd4 Rg6 30. Bf4 b4 31. a6 Rg7 32. Rfe2 b3 33. Rxg7 Kxg7 34. Re7+ Kg6 35. Rb7 Be6 36. Kf2 Bc8 37. Ke2 b2 38. Rxb2 Bxa6 39. Rb8 Rxb8 40. Bxb8 Kf7 1/2-1/2

[Event "Famalicao op 6th"]
[Site "Famalicao"]
[Date "2018.07.30"]
[Round "2"]
[White "Silva, Mariana Sofia Teixe"]
[Black "Damaso, Rui"]
[Result "0-1"]
[WhiteElo "1936"]
[BlackElo "2440"]
[PlyCount "64"]
[EventDate "2018.07.29"]
[EventType "swiss"]
[EventRounds "9"]
[EventCountry "POR"]
[SourceTitle "CBM 185 Extra"]
[Source "ChessBase"]
[SourceDate "2018.07.29"]
[SourceVersion "1"]
[SourceVersionDate "2018.07.29"]
[SourceQuality "1"]

1. e4 c5 2. Nf3 d6 3. d4 cxd4 4. Nxd4 Nf6 5. Nc3 Nc6 6. Bg5 Qb6 7. Nb3 e6 8. Be2 Be7 9. 0-0 0-0 10. Be3 Qc7 11. f4 a6 12. a4 b6 13. Bf3 Rb8 14. Qe2 Na5 15. Nd2 Bb7 16. g4 d5 17. e5 Nd7 18. Bf2 Bb4 19. Na2 Bxd2 20. Qxd2 f6 21. exf6 Nxf6 22. Nc3 Ne4 23. Bxe4 dxe4 24. Be3 Nc4 25. Qc1 Rbc8 26. Ra2 Qe7 27. Qe1 h5 28. b3 Nxe3 29. Qxe3 Qh4 30. Ne2 Qxg4+ 31. Kh1 e5 32. c4 Rcd8 0-1